000 00426nam a2200169Ia 4500
003 GCL
008 140319s9999 xx 000 0 ara d
040 _aGCL /
_cGCL
082 0 4 _a811.9
_bز د
100 1 _aزكى مبارك
245 1 0 _aديوان زكى مبارك /
_cزكى مبارك
300 _a160 ص
490 _a
650 0 4 _aالشعر العربى
650 0 4 _aالادب العربى
942 _2ddc
_cBK
999 _c45467
_d45467